| 000 | 01865nam0a2200349 i 4500 | ||
|---|---|---|---|
| 001 | RU\NLR\BIBL_A\010586395 | ||
| 005 | 20241102230130.0 | ||
| 010 |
_a9785990587021 _9120 |
||
| 021 |
_aRU _b2014-85897 _95222 |
||
| 035 | _a(NILC)RuMoRGB-007657215 | ||
| 035 | _a(NLR Aleph) 010586395 | ||
| 090 |
_a10484177 _c10484177 |
||
| 100 | _a20150116d2014 k y0rusy50 ca | ||
| 101 | 0 | _arus | |
| 102 | _aRU | ||
| 105 | _aa j 000yy | ||
| 200 | 1 |
_aМетодические указания по массовому разведению и применению энкарзии (Encarsia partenopea Masi.) для борьбы с оранжерейной белокрылкой _fФедер. гос. бюджет. науч. учреждение Лазаревская опытная станция защиты растений _g[подгот. Игнатьева Т. Н. и др.] |
|
| 210 |
_aСочи _aЛазаревское _cФГБНУ Лазаревская ОСЗР _d2014 |
||
| 215 |
_a16 с. _cил., цв. ил. _d20 |
||
| 320 | _aБиблиогр.: с. 14 (9 назв.) | ||
| 606 |
_aЭнкарзии-паразиты тепличной белокрылки _jМетодические пособия _91795494 _3RU\NLR\AUTH\661102302 |
||
| 606 |
_aТепличные белокрылки _jМетодические пособия _xБорьба с ними _xИспользование энкарзий _91795650 _3RU\NLR\AUTH\661102378 |
||
| 686 | 1 | _aП415.821я8 | |
| 686 | 1 | _aП468.67я8 | |
| 702 | 1 |
_aИгнатьева _bТ. Н. _4220 |
|
| 712 | 0 | 2 |
_4570 _aЛазаревская опытная станция защиты растений _cСочи _9439833 _3RU\NLR\AUTH\880386884 |
| 801 | 0 |
_aRU _bРГБ _c20141114 _gRCR |
|
| 801 | 1 |
_aRU _bРГБ _c20141114 _2rusmarc |
|
| 942 | _cBOOK | ||
| 980 | _aNBR | ||